Detalles MARC
| 000 -LEADER |
| campo de control de longitud fija |
02862cam a22004454i 4500 |
| 003 - IDENTIFICADOR DE NÚMERO DE CONTROL |
| campo de control |
PE-LiUPU |
| 005 - FECHA Y HORA DE LA ÚLTIMA TRANSACCIÓN |
| campo de control |
20250731183440.0 |
| 008 - DATOS DE LONGITUD FIJA--INFORMACIÓN GENERAL |
| campo de control de longitud fija |
150706s2008 r 000 0 d |
| 020 ## - NÚMERO INTERNACIONAL ESTÁNDAR DEL LIBRO |
| Número Internacional Estándar del Libro |
9788437625218 |
| 035 ## - NÚMERO DE CONTROL DEL SISTEMA |
| Número de control de sistema |
(Sirsi) i9788437625218 |
| 040 ## - FUENTE DE CATALOGACIÓN |
| Centro catalogador/agencia de origen |
PE-LiUPU |
| Lengua de catalogación |
spa |
| Centro/agencia transcriptor |
PE-LiUPU |
| Normas de descripción |
rda |
| 049 ## - FONDOS LOCALES (OCLC) |
| Biblioteca depositaria |
PRUA |
| 082 04 - NÚMERO DE LA CLASIFICACIÓN DECIMAL DEWEY |
| Número de clasificación |
709.32 |
| Cutter |
S61 |
| Número de edición |
21 |
| 100 1# - ENTRADA PRINCIPAL--NOMBRE DE PERSONA |
| Nombre de persona |
Smith, William Stevenson, |
| Término indicativo de función/relación |
autor. |
| 245 10 - MENCIÓN DEL TÍTULO |
| Título |
Arte y arquitectura del antiguo Egipto / |
| Mención de responsabilidad, etc. |
W. Stevenson Smith ; revisado y ampliado por William Kelly Simpson ; traducción de Carmen Martínez Gimeno. |
| 250 ## - MENCION DE EDICION |
| Mención de edición |
Segunda edición. |
| 264 #1 - PRODUCCIÓN, PUBLICACIÓN, DISTRIBUCIÓN, FABRICACIÓN Y COPYRIGHT |
| Producción, publicación, distribución, fabricación y copyright |
Madrid : |
| Nombre del de productor, editor, distribuidor, fabricante |
Cátedra, |
| Fecha de producción, publicación, distribución, fabricación o copyright |
[2008]. |
| 300 ## - DESCRIPCIÓN FÍSICA |
| Extensión |
482 páginas : |
| Otras características físicas |
ilustraciones ; |
| Dimensiones |
21 cm. |
| 336 ## - TIPO DE CONTENIDO |
| Término de tipo de contenido |
text |
| Fuente |
rdacontent |
| 337 ## - TIPO DE MEDIO |
| Nombre/término del tipo de medio |
unmediated |
| Fuente |
rdamedia |
| 338 ## - TIPO DE SOPORTE |
| Nombre/término del tipo de soporte |
volume |
| Fuente |
rdacarrier |
| 490 0# - MENCIÓN DE SERIE |
| Mención de serie |
(Manuales arte Cátedra) |
| 500 ## - NOTA GENERAL |
| Nota general |
Título original: The art and architecture of ancient Egypt. |
| 504 ## - NOTA DE BIBLIOGRAFÍA, ETC. |
| Nota de bibliografía, etc. |
Incluye bibliografía. |
| 505 0# - NOTA DE CONTENIDO CON FORMATO |
| Nota de contenido con formato |
Cronología -- Mapa de egipto -- Introducción -- Los periodos prehistóricos y protodinástico -- Egipto predinástico (4000-3200 a.c.) -- La I y II dinastías (3200-2780 a.C.) -- El reino antiguo -- La III dinastía (2780-2680 a.C.) -- La IV dinastía (2680-2565 a.C.) -- La V dinastía (2565-2420 a.C.) -- La VI dinastía (2420-2258 a.C.) -- Ascensión y derrumbamiento del reino medio -- El Primer Periodo Intermedio: VII-X dinastías (2258-2052 a.C.) -- La XI dinastía (2134- 1991 a.C.) -- La XII dinastía (1991-1786 a.C.) -- Las artes menores y las relaciones exteriores del Reino Medio -- El Segundo Periodo Intermedio: XIII-XVII dinastías (1786-1570 a.C.) -- El reino nuevo -- Los comienzos de la XVIII dinastía: Amosis- Tutmosis III (1570-1450 a.C.) -- La culminación de la XVIII dinastía: Amenhotep I1-Amenhotep 1JI (1450-1372 a.C.) -- El palacio de Amenhotep III y la arquitectura doméstica del Reino Nuevo -- El cambio a Amarna -- El periodo de Amarna (1372-1350 a.C.) -- El periodo después de Amarna (1350-1374 a.C.) -- El periodo ramésida: XIX y XX dinastías (1314-1085 a.C.) -- Los periodos tardíos -- El periodo de declive: XXI-XXII dinastías (1085-730 a.C.) -- El renacimiento cusita y saíta y el fin del Egipto dinástico (730-332 a.C.). |
| 526 ## - NOTA DE INFORMACIÓN SOBRE EL PROGRAMA DE ESTUDIO |
| Nombre del programa |
Maestría Bim Facility Management (A distancia) |
| 526 ## - NOTA DE INFORMACIÓN SOBRE EL PROGRAMA DE ESTUDIO |
| Nombre del programa |
|
| 526 ## - NOTA DE INFORMACIÓN SOBRE EL PROGRAMA DE ESTUDIO |
| Nombre del programa |
Educación musical y artes |
| 526 ## - NOTA DE INFORMACIÓN SOBRE EL PROGRAMA DE ESTUDIO |
| Nombre del programa |
Educación, especialidad educación física |
| 526 ## - NOTA DE INFORMACIÓN SOBRE EL PROGRAMA DE ESTUDIO |
| Nombre del programa |
Arquitectura |
| 650 14 - PUNTO DE ACCESO ADICIONAL DE MATERIA--TÉRMINO DE MATERIA |
| Término de materia o nombre geográfico como elemento de entrada |
Arte egipcio |
| Subdivisión de forma |
Historia. |
| 650 24 - PUNTO DE ACCESO ADICIONAL DE MATERIA--TÉRMINO DE MATERIA |
| Término de materia o nombre geográfico como elemento de entrada |
Arquitectura egipcia |
| Subdivisión de forma |
Historia. |
| 650 24 - PUNTO DE ACCESO ADICIONAL DE MATERIA--TÉRMINO DE MATERIA |
| Término de materia o nombre geográfico como elemento de entrada |
Arte egipcio |
| Subdivisión cronológica |
Edad antigua. |
| 700 1# - ENTRADA AGREGADA--NOMBRE PERSONAL |
| Nombre de persona |
Martínez Gimeno, Carmen, |
| Término indicativo de función/relación |
tr. |
| 700 1# - ENTRADA AGREGADA--NOMBRE PERSONAL |
| Nombre de persona |
Simpson, William Kelly, |
| Término indicativo de función/relación |
rev. |
| 942 ## - ELEMENTOS DE ENTRADA SECUNDARIOS (KOHA) |
| Fuente del sistema de clasificación o colocación |
Clasificación Decimal Dewey |
| Tipo de ítem Koha |
|
| 949 ## - PROCESAMIENTO DE INFORMACIÓN LOCAL (OCLC) |
| a |
709.32 S61 |
| w |
DEWEY |
| c |
1 |
| i |
67545 |
| l |
CCODEBUL1 |
| m |
BUL |
| p |
38.00 |
| r |
0 |
| s |
Y |
| t |
BOOK |
| u |
2015-7-6 |
| x |
INGENIERIA |
| o |
.STAFF. Colección General |
| 980 ## - EQUIVALENCIA O REFERENCIA-CRUZADA-MENCIÓN DE SERIE--NOMBRE DE PERSONA/TÍTULO [LOCAL, CANADÁ] |
| ID del último usuario que modificó el registro |
1 |
| Nombre del último usuario que modificó el registro |
ALBERTO SANCHEZ Responsable de Automatización |